How to Troubleshoot and repair your stereo sytem / (Record no. 7245)
[ view plain ]
| 000 -LEADER | |
|---|---|
| fixed length control field | 00601nam a22002177a 4500 |
| 001 - CONTROL NUMBER | |
| JCCL Control Number | 7245 |
| 003 - CONTROL NUMBER IDENTIFIER | |
| JCCL marc code | BD-JhCC |
| 005 - DATE AND TIME OF LATEST TRANSACTION | |
| control field | 20180206182113.0 |
| 008 - FIXED-LENGTH DATA ELEMENTS--GENERAL INFORMATION | |
| fixed length control field | 180206s1976 ii aod|| |||| 00| 0 eng d |
| 035 ## - SYSTEM CONTROL NUMBER | |
| system control number | (BD-JhCC)7245 |
| 040 ## - CATALOGING SOURCE | |
| Original cataloging agency | BD-JhCC |
| Modifying agency | BD-JhCC |
| 041 ## - LANGUAGE CODE | |
| Language code of Book | eng |
| 082 ## - DEWEY DECIMAL CLASSIFICATION NUMBER | |
| Classification number | 621.38933 |
| Author mark and Year | GAR 1976 |
| 100 ## - MAIN ENTRY--PERSONAL NAME | |
| Personal name | Gardner, Hershal |
| 245 ## - TITLE STATEMENT | |
| Title | How to Troubleshoot and repair your stereo sytem / |
| Statement of responsibility, etc | Hershal Gardner |
| 260 ## - PUBLICATION, DISTRIBUTION, ETC. (IMPRINT) | |
| Place of publication, distribution, etc | India : |
| Name of publisher, distributor, etc | Vikash Publishing House, |
| Date of publication, distribution, etc | 1976. |
| 300 ## - PHYSICAL DESCRIPTION | |
| Pagination | 239 p.; |
| Other physical details | ill.; |
| Dimensions | 18 cm. |
| 500 ## - GENERAL NOTE | |
| General note | Includes Index |
| 650 ## - SUBJECT ADDED ENTRY--TOPICAL TERM | |
| Topical term or geographic name as entry element | Stereophonic Sound System |
| 942 ## - ADDED ENTRY ELEMENTS (KOHA) | |
| Source of classification or shelving scheme | Dewey Decimal Classification |
| Koha item type | Books |
| Source of classification or shelving scheme | Damaged status | Not for loan | Home library | Current library | Shelving location | Date of accession | Total Checkouts | Full call number | Barcode | Date last seen | Copy number | Koha item type |
|---|---|---|---|---|---|---|---|---|---|---|---|---|
| Dewey Decimal Classification | JCC Rouf Library | JCC Rouf Library | General Stacks | 02/06/2018 | 621.38933 GAR 1976 | 8674 | 02/06/2018 | C-1 | Books |